Quizzes
Events
Quiz Creation
Community
Videos
Private Events
Remove Ads
Sign In
Join for FREE
Feedback
Dark Mode
Quiz Categories
Sports
Geography
Music
Movies
Television
Just For Fun
Miscellaneous
History
Literature
Language
Science
Gaming
Entertainment
Religion
Holiday
For Kids
Quiz Lab
Recent
Popular Today
Quiz Kudos Today
Editor Picks
Curator Picks
Quizzes by...
Day
Popularity
Type
Ratings
Length
Year
Community
Subscriptions
Recent Discussions
Orange Saloon
Badges
Playlists
Quests
Create
Leaderboards
Showdown
Live 5
Trivia Bingo
Activity
Puzzle Library
Sporcle Events
Private Events
Virtual Trivia
Globe League
Become a Host
Pub Owners
SporcleCon
Opinionation
Our Games
Videos
Blog
Mobile Apps
Partnerships
Remove Ads and Go Orange
Feedback
Sports
Athletes
MLB
NBA
NHL
NFL
Soccer
Sports Teams
WWE
NCAA
Football
Premier League
Basketball
Baseball
Hockey
Golf
Tennis
Cricket
Rugby
Auto Racing
Olympics
World Cup
Sports
Athletes
MLB
NBA
NHL
NFL
Soccer
Sports Teams
WWE
NCAA
Football
Premier League
Basketball
Baseball
Hockey
Golf
Tennis
Cricket
Rugby
Auto Racing
Olympics
World Cup
Random Quiz
Search Sporcle
×
Quiz Lab
Quiz Lab
Sports
Country
Type in answers that appear in a list
Type in answers that appear in a list
Classic
Best Score? Go Orange.
European Cup Semi Finalists Stats
Can you name the teams have made at least 1 European cup or Champions League Semi Final?
By
KevinMillar3
10m
72 Questions
6,447 Plays
6,447 Plays
6,447 Plays
Comments
Comments
Give Quiz Kudos
Give Quiz Kudos
-
- Ratings
hide this ad
Replay
Link that replays current quiz
Next Quiz
Link to next quiz in quiz playlist
You Got
0%
They Got
Avg Score
64%
Avg Friend Score
Upgrade to see
Score Distribution
Jump to the score distribution portion of the page
Score
0/72
Timer
10:00
0
Plays Today
Country
% Correct
England
Manchester United
96.5%
England
Arsenal
94.6%
England
Liverpool
94.5%
England
Chelsea
94.2%
Spain
Real Madrid
92.9%
Scotland
Glasgow Celtic
92.9%
Spain
FC Barcelona
92.2%
Italy
AC Milan
92.1%
Scotland
Glasgow Rangers
91.9%
Italy
Internazionale
91.7%
West Germany
FC Bayern Munich
90.1%
Netherlands
Ajax
90.1%
Italy
Juventus
89.9%
England
Aston Villa
89.6%
Portugal
FC Porto
87.5%
Netherlands
PSV Eindhoven
87%
France
Olympique Marseille
86.3%
Italy
AS Roma
86.3%
England
Nottingham Forest
86.1%
Spain
Valencia
85.7%
Portugal
Benfica
84.8%
England
Leeds United
83.8%
Belgium
RSC Anderlecht
82.1%
France
Paris St Germain
82%
West Germany
BV Borussia Dortmund
80.5%
Netherlands
Feyenoord Rotterdam
79.8%
Spain
Club Atlético de Madrid S.A.D
77.9%
Czechoslovakia (Czech Republic)
Sparta Prague
76.8%
England
Tottenham Hotspur
76.6%
France
AS Monaco
72.1%
Austria
Rapid Vienna
70.7%
USSR (Ukraine)
FC Dynamo Kyiv
70.4%
West Germany
Hamburg
69.4%
Yugoslavia (Serbia)
Red Star Belgrade
69.4%
Belgium
Club Brugge K.V
68.8%
Turkey
Galatasaray
68.1%
Country
% Correct
Romania
Steaua Bucharest
65.8%
Scotland
Dundee
65.6%
Spain
Deportivo La Coruna
63.9%
Italy
ACF Fiorentina
63.3%
Germany
Bayer Leverkusen
62.8%
Greece
Panathinaikos
60.5%
France
Bordeaux
60.1%
Italy
Sampdoria
59%
Sweden
Malmö FF
58.7%
Scotland
Hibernian
56.4%
France
AS Saint-Étienne
55.2%
Austria
FK Austria Vienna
54.7%
USSR (Russia)
Spartak Moscow
54.4%
Bulgaria
CSKA Sofia
54.2%
Spain
Villarreal
53.4%
France
Nantes
51.5%
Poland
Legia Warsaw
49.9%
Scotland
Dundee United
49.3%
Switzerland
FC Zurich
48.6%
West Germany
Borussia Monchengladbach
48.5%
Belgium
Royal Standard de Liège
47.9%
Yugoslavia (Serbia)
Partizan Belgrade
47.9%
England
Derby County
43.9%
Romania
Dinamo Bucharest
43.4%
France
Stade de Reims
41.6%
West Germany
Eintracht Frankfurt
41.2%
Switzerland
BSC Young Boys
36.5%
West Germany
1. FC Köln
35.2%
Sweden
IFK Gothenburg
34.2%
Spain
Real Sociedad de Fútbol, S.A.D
33.9%
Czechoslovakia (Czech Republic)
Dukla Prague
24.6%
Poland
Widzew Łódź
21.6%
Hungary
Újpesti Dózsa
16.6%
Hungary
Vasas ETO Györ
10.6%
Hungary
Vasas SC
8.1%
Czechoslovakia (Slovakia)
FC Spartak Trnava
5.8%
Quiz Playlist
Details
Report
Send in Message
Add To Playlist
Classic:
Type in answers that appear in a list
Quiz Source
Last Updated: Apr 20, 2017
Quiz Scoreboard
CHALLENGE
Sign Up to Join the Scoreboard
Show All
Scores
Hide
Comments
May contain spoilers
Recently Published
NBA Finals Game Top Scorers (2010s)
by flibbidy
Sports
5m
Guess the 'R' Things in 3 Words
by MSUKent
Miscellaneous
3m
Actor to Badly Drawn Movie III
by MoMosMoProblems
Movies
5m
More to Explore
Quiz From the Vault
Featured Blog Post
Where Does Lost Luggage Go?
hide this ad
You Might Also Like...
Tags
Country Quiz
Europe Quiz
appearance
champion
cup
final
finalist
League
least
semi
Semi Final
team
UEFA Champions' League
Today's Top Quizzes in Sports
Browse Sports
hide this ad
Today's Top Quizzes in Country
Browse Country
Top Contributed Quizzes in Sports
1
Les joueurs à 100 buts en Ligue 1 Uber Eats
2
2022 World Cup Stars
3
Millionaire: NBA Finals Edition
4
2024 March Madness Bracket
5
Players with Multiple 50 Home Run Seasons
6
Criteria MLB: Left Handed Sluggers
7
Nickname Match: Athletes VI
8
Iconic Moments in Football - Multiple Choice
9
NFL MVPs ordered
10
NBA Championships Per City
Explore More
Trending Topics
Harry Potter
Anime
Kpop
NBA
Marvel
Disney
Crossword
Country
Soccer
The Office
NFL
Puzzle
WWE
Song
Pokémon
hide this ad
More By:
KevinMillar3
Quiz
Plays
Rating
Category
Featured
Created
Manchester United Players 2000-2009
23,657
4.22
Sports
Oct 21, 2009
Liverpool Players 2000-2009
23,472
4.26
Sports
Oct 22, 2009
Arsenal Players 2000-2009
14,809
4.22
Sports
Nov 27, 2009
Chelsea Players 2000-2009
10,621
4.50
Sports
Nov 7, 2009
Newcastle United Players 2000-2009
9,198
4.56
Sports
Dec 2, 2009
Go to Creator's Profile
Score Distribution
Quiz Creator Spotlight
KevinMillar3
Follow
Send a Message
Quizzes Created
-
Created Quiz Play Count
-
More By This Creator
Popular Quizzes Today
1
Find the US States - No Outlines Minefield
2
Find the US States
3
The Countries of the World
4
10 Largest US States in Order
5
Find the Countries of Europe - No Outlines Minefield
6
US States
7
Guess the 'R' Things in 3 Words
8
NBA Finals Game Top Scorers (2010s)
More Sports Quizzes
NFL Logos: Britified
Published
Trending Quizzes
First Name TV: Leading Men
Match the Book to the Film II
First Name TV: Leading Women Drama
Match the Book to the Film VI
Pick A Pair: Religious TV
Recently Updated
Women's Final Four Teams by Year
bhenderson79
Presidents Quartet II
eogle
Anything But Clue(do)
eogle
Anything But Oceanian Capitals
eogle
Anything But 7
eogle
Anything But Thing
eogle
Word Ladder: February 29
pecheneg
Song Title Questions
pecheneg
Women's NCAA Tournament #1 Seeds
pecheneg
Celebrity Mug Shots
pecheneg
Trending Topics
Kpop
Anime
Crossword
Harry Potter
Marvel
Disney
NBA
Country
WWE
Song
Pokémon
NFL
Puzzle
Soccer
The Office
Your Account Isn't Verified!
In order to create a playlist on Sporcle, you need to verify the email address you used during registration. Go to your
Sporcle Settings
to finish the process.
Report this User
Report this user for behavior that violates our
Community Guidelines
.
Details:
Send Report
Go to the Sporcle.com Mobile Site →
Comments